[Event "Condom op 12th"]
[White "Kukov, Velislav"]
[Black "Marciniak, Gerard"]
[Site "Condom"]
[Round "2"]
[Result "1-0"]
[Date "2013.07.14"]
[WhiteElo "2370"]
[BlackElo "2116"]
[PlyCount "93"]
[EventDate "2013.07.13"]
[EventType "swiss"]
[EventRounds "9"]
[EventCountry "FRA"]
[SourceTitle "CBM 155 Extra"]
[Source "ChessBase"]
[SourceDate "2013.08.26"]
[SourceVersion "1"]
[SourceVersionDate "2013.08.26"]
[SourceQuality "1"]

1. Nf3 Nf6 2. d4 e6 3. c3 b6 4. Bg5 Be7 5. e3 Bb7 6. Nbd2 c5 7. Bd3 cxd4 8. exd4 d6 9. 0-0 0-0 10. Re1 a6 11. Qe2 Nbd7 12. Nf1 Re8 13. Ng3 Nh5 14. Bxe7 Nxg3 15. Bxh7+ Kh8 16. hxg3 Qxe7 17. Bc2 g6 18. Be4 Nf6 19. Bxb7 Qxb7 20. Ng5 Kg7 21. Ne4 Qe7 22. Nxf6 Qxf6 23. Qf3 Qe7 24. Qe3 Qb7 25. f3 Rh8 26. Kf2 Rac8 27. g4 b5 28. Qf4 Qe7 29. Rh1 g5 30. Qe4 d5 31. Qe5+ f6 32. Qe3 b4 33. Rxh8 Rxh8 34. Rc1 Rc8 35. Qd3 bxc3 36. Rh1 Kg8 37. Qxa6 Rb8 38. bxc3 e5 39. Re1 Rb2+ 40. Kg1 e4 41. Qa8+ Kg7 42. Qxd5 e3 43. Qe4 Qa7 44. Qxe3 Qxa2 45. Qe7+ Kg6 46. Qe8+ Kh6 47. Qh5+ 1-0

[Event "FRA-chT1A 1112"]
[White "Marciniak, Gerard"]
[Black "Bousmaha, Abderahmane"]
[Site "France"]
[Round "2.6"]
[Result "0-1"]
[Date "2011.11.12"]
[WhiteElo "2153"]
[BlackElo "2080"]
[PlyCount "66"]
[EventDate "2011.10.16"]
[EventType "team-tourn"]
[EventRounds "11"]
[EventCountry "FRA"]
[SourceTitle "EXT 2013"]
[Source "ChessBase"]
[SourceDate "2012.11.22"]
[SourceVersion "1"]
[SourceVersionDate "2012.11.22"]
[SourceQuality "1"]
[WhiteTeam "Agen"]
[BlackTeam "JEEN"]
[WhiteTeamCountry "FRA"]
[BlackTeamCountry "FRA"]

1. d4 d5 2. c4 Bf5 3. Nc3 e6 4. Nf3 Nc6 5. Bf4 Bd6 6. cxd5 Bxf4 7. dxc6 bxc6 8. e3 Bd6 9. Qa4 Rb8 10. e4 Bg4 11. e5 Bb4 12. Qxc6+ Kf8 13. 0-0-0 Ne7 14. Qc4 c6 15. Bd3 Nd5 16. Be4 g6 17. Kc2 Qa5 18. Ra1 Kg7 19. Rhb1 Rhc8 20. h3 Bf5 21. Bxf5 gxf5 22. Nd2 c5 23. Nb3 Qd8 24. dxc5 Bxc5 25. Nxc5 Nb4+ 26. Qxb4 Rxb4 27. Nd3 Re4 28. Re1 Qa5 29. g3 Qa4+ 30. Kd2 Qd4 31. Kc2 Rd8 32. Nxe4 Qxd3+ 33. Kc1 fxe4 0-1

[Event "Condom op 5th"]
[White "Vaillant, Stephane"]
[Black "Marciniak, Gerard"]
[Site "Condom"]
[Round "6"]
[Result "1-0"]
[Date "2006.07.12"]
[WhiteElo "2028"]
[BlackElo "2162"]
[PlyCount "45"]
[EventDate "2006.07.08"]
[EventType "swiss"]
[EventRounds "9"]
[EventCountry "FRA"]
[SourceTitle "CBM 113 Extra"]
[Source "ChessBase"]
[SourceDate "2006.09.14"]
[SourceVersion "1"]
[SourceVersionDate "2006.09.14"]
[SourceQuality "1"]

1. d4 Nf6 2. Nf3 e6 3. c4 Bb4+ 4. Bd2 a5 5. g3 d5 6. cxd5 exd5 7. Bg2 Ne4 8. a3 Nxd2 9. Nbxd2 Bd6 10. 0-0 0-0 11. Nb3 Nd7 12. Qc2 Re8 13. e3 Nf6 14. Nc5 b6 15. Na4 Bd7 16. Rac1 Rc8 17. Qb3 Ne4 18. Nc3 Nxc3 19. Rxc3 Be6 20. Rc6 f6 21. Nd2 Bf8 22. Rxe6 Rxe6 23. Bxd5 1-0

[Event "FRA-ch op FIDE"]
[White "Marciniak, Gerard"]
[Black "De Belair, Guillaume"]
[Site "Paris"]
[Round "2"]
[Result "1-0"]
[Date "1994.??.??"]
[WhiteElo "2040"]
[BlackElo "2010"]
[PlyCount "59"]
[EventDate "1994.??.??"]
[EventType "swiss"]
[EventRounds "9"]
[EventCountry "FRA"]
[SourceTitle "EXT 1998"]
[Source "ChessBase"]
[SourceDate "1997.11.17"]
[SourceVersion "1"]
[SourceVersionDate "1997.11.17"]
[SourceQuality "1"]

1. d4 Nf6 2. c4 b6 3. Nc3 Bb7 4. d5 e5 5. e4 a5 6. Bd3 Na6 7. Nf3 d6 8. 0-0 Nc5 9. Bc2 Ba6 10. b3 g6 11. a3 Ncd7 12. Re1 Bg7 13. Bd3 h5 14. b4 Nh7 15. Be3 g5 16. c5 Bxd3 17. Qxd3 g4 18. Nd2 Bf8 19. cxb6 cxb6 20. Rec1 axb4 21. axb4 Rxa1 22. Rxa1 Be7 23. Bh6 Rg8 24. Nb5 Rg6 25. Ra8 Rxh6 26. Rxd8+ Bxd8 27. Nc4 Ng5 28. Ncxd6+ Kf8 29. Nf5 Rg6 30. Qc2 1-0

[Event "FRA-chT 8788"]
[White "Dieu, Bruno"]
[Black "Marciniak, Gerard"]
[Site "France"]
[Round "1"]
[Result "1-0"]
[Date "1987.10.24"]
[WhiteElo "2200"]
[BlackElo "2050"]
[PlyCount "65"]
[EventDate "1987.10.24"]
[EventType "team-match"]
[EventRounds "11"]
[EventCountry "FRA"]
[SourceTitle "EXT 2005"]
[Source "ChessBase"]
[SourceDate "2004.11.15"]
[SourceVersion "1"]
[SourceVersionDate "2004.11.15"]
[SourceQuality "1"]
[WhiteTeam "Caen"]
[BlackTeam "Bordeaux"]
[WhiteTeamCountry "FRA"]
[BlackTeamCountry "FRA"]

1. d4 Nf6 2. c4 e6 3. Nc3 d5 4. Bg5 Be7 5. e3 0-0 6. Nf3 Nbd7 7. Rc1 c6 8. Bd3 dxc4 9. Bxc4 Nd5 10. Bxe7 Qxe7 11. 0-0 Nxc3 12. Rxc3 e5 13. dxe5 Nxe5 14. Nxe5 Qxe5 15. f4 Qe4 16. Qe2 Bf5 17. Bd3 Qd5 18. e4 Qd4+ 19. Qf2 Qxf2+ 20. Kxf2 Bd7 21. f5 Rad8 22. Ke3 Rfe8 23. g4 Kf8 24. h4 f6 25. g5 Ke7 26. Rg1 Bc8 27. Rc2 Rd7 28. Rcg2 Red8 29. Bc4 b5 30. Bb3 c5 31. gxf6+ Kxf6 32. Kf4 Re7 33. Rg6+ 1-0